| 000 | 00514nam a2200193 u 4500 | ||
|---|---|---|---|
| 005 | 20231101063748.0 | ||
| 008 | 160216s1999 r 000 0 eng d | ||
| 020 | _a9684933592 | ||
| 035 | _aUPN01000208203 | ||
| 049 | _aCG | ||
| 050 | 4 |
_aPQ7298.17 O5.91 _bC5.3 |
|
| 100 | 1 |
_aGonzález de Alba, Luis _938591 |
|
| 245 | 1 | 0 |
_aCielo de invierno / _cLuis González de Alba. |
| 260 |
_aMéxico : _bCal y arena, _c1999. |
||
| 300 | _a253 p. | ||
| 650 | 4 |
_aAmor _vNovela _9397 |
|
| 905 | _aLibro | ||
| 999 |
_c180304 _d180304 |
||